Book review: Anne Raffin, republican citizenship in French colonial Pondicherry, 1870–1914 (Asian history) (Record no. 526361)

000 -LEADER
fixed length control field 00446nam a22001337a 4500
008 - FIXED-LENGTH DATA ELEMENTS--GENERAL INFORMATION
fixed length control field 240530b ||||| |||| 00| 0 eng d
100 ## - MAIN ENTRY--PERSONAL NAME
Personal name Ponnarasu, S.
245 ## - TITLE STATEMENT
Title Book review: Anne Raffin, republican citizenship in French colonial Pondicherry, 1870–1914 (Asian history)
260 ## - PUBLICATION, DISTRIBUTION, ETC. (IMPRINT)
Place of publication, distribution, etc Sociological Bulletin
300 ## - PHYSICAL DESCRIPTION
Extent 73(1), Jan, 2024: p.108-111
773 ## - HOST ITEM ENTRY
Main entry heading Sociological Bulletin
906 ## - LOCAL DATA ELEMENT F, LDF (RLIN)
Subject DIP BOOK REVIEW
942 ## - ADDED ENTRY ELEMENTS (KOHA)
Item type Articles
Holdings
Withdrawn status Lost status Source of classification or shelving scheme Damaged status Not for loan Permanent location Current location Date acquired Serial Enumeration / chronology Barcode Date last seen Koha item type
          Indian Institute of Public Administration Indian Institute of Public Administration 2024-05-30 73(1), Jan, 2024: p.108-111 AR132096 2024-05-30 Articles

Powered by Koha